Information network on post- harvest operations= Reseau d'information sur lé operations apres recolte
Đã lưu trong:
| Hovedforfatter: | |
|---|---|
| Format: | Bog |
| Sprog: | Undetermined |
| Udgivet: |
Food and Agriculture Organization of the United Nations
2004
|
| Fag: | |
| Tags: |
Tilføj Tag
Ingen Tags, Vær først til at tagge denne postø!
|
| Thư viện lưu trữ: | Trung tâm Học liệu Trường Đại học Cần Thơ |
|---|
| LEADER | 00564nam a2200181Ia 4500 | ||
|---|---|---|---|
| 001 | CTU_102667 | ||
| 008 | 210402s9999 xx 000 0 und d | ||
| 020 | |c 30.11 | ||
| 082 | |a 631.56 | ||
| 082 | |b F686 | ||
| 100 | |a FAO | ||
| 245 | 0 | |a Information network on post- harvest operations= Reseau d'information sur lé operations apres recolte | |
| 245 | 0 | |c FAO | |
| 260 | |b Food and Agriculture Organization of the United Nations | ||
| 260 | |c 2004 | ||
| 650 | |a crops,postharvesting | ||
| 904 | |i M.Loan | ||
| 980 | |a Trung tâm Học liệu Trường Đại học Cần Thơ | ||